Better government key (Record no. 71181)

MARC details
000 -LEADER
fixed length control field 01027cam a2200229 4500
001 - CONTROL NUMBER
control field WB3834-16
008 - FIXED-LENGTH DATA ELEMENTS--GENERAL INFORMATION
fixed length control field 020919n2002 000 0 eng u
035 ## - SYSTEM CONTROL NUMBER
System control number (Sirsi) u119752
245 ## - TITLE STATEMENT
Title Better government key
260 ## - PUBLICATION, DISTRIBUTION, ETC.
Date of publication, distribution, etc. 2002
490 ## - SERIES STATEMENT
Series statement RICS Feature
Volume/sequential designation 18 September 2002, (1)
520 ## - SUMMARY, ETC.
Summary, etc. A better quality of life in towns and cities can be achieved if local and national governments adopt a more holistic approach to planning. This is the message of the RICS 'Leading Edge' papers series, launched at the President's Address. The first three papers in the series look at urban growth, transport and development and land markets. Papers available at www.rics.org/ricscms/bin/show?class=ResearchReports&template=/includes/showresearch.html&id=37
590 ## - LOCAL NOTE (RLIN)
Local note WB
650 ## - SUBJECT ADDED ENTRY--TOPICAL TERM
Topical term or geographic name entry element QUALITY OF LIFE
650 ## - SUBJECT ADDED ENTRY--TOPICAL TERM
Topical term or geographic name entry element LEADING EDGE
650 ## - SUBJECT ADDED ENTRY--TOPICAL TERM
Topical term or geographic name entry element URBAN GROWTH
650 ## - SUBJECT ADDED ENTRY--TOPICAL TERM
Topical term or geographic name entry element LAND MARKETS
650 ## - SUBJECT ADDED ENTRY--TOPICAL TERM
Topical term or geographic name entry element TRANSPORT
650 ## - SUBJECT ADDED ENTRY--TOPICAL TERM
Topical term or geographic name entry element RICS
690 ## - LOCAL SUBJECT ADDED ENTRY--TOPICAL TERM (OCLC, RLIN)
Topical term or geographic name as entry element ENVIRONMENTAL AND LAND CONSULTANCY-PLANNING AND DEVELOPMENT
942 ## - ADDED ENTRY ELEMENTS (KOHA)
Suppress in OPAC 0
Holdings
Withdrawn status Lost status Source of classification or shelving scheme Damaged status Not for loan Home library Current library Shelving location Date acquired Total Checkouts Full call number Barcode Date last seen Copy number Price effective from Koha item type
    Dewey Decimal Classification     London London News article 19/09/2002   WB3834-16 119752-1001 06/08/2019 1 06/08/2019 News article